Städte in Europa - Statistiken

Allgemein
  • Dieses Quiz wurde 124 mal gespielt
  • Das Durchschnittsergebnis liegt bei 52 aus 138
Antworten auf der Karte
Die Antworten werden auf der Karte rot bzw. grün angezeigt, abhängig davon wie oft sie richtig erraten wurden.
 
Antwortstatistiken
Antwort % Korrekt
Berlin
88%
London
83%
Rom
81%
München
80%
Paris
80%
Hamburg
79%
Madrid
79%
Oslo
79%
Lissabon
77%
Stockholm
77%
Wien
77%
Bern
76%
Dublin
76%
Köln
76%
Amsterdam
73%
Athen
73%
Barcelona
73%
Brüssel
73%
Helsinki
73%
Moskau
73%
Kopenhagen
72%
Prag
72%
Warschau
72%
Kiew
69%
Monaco
67%
Bukarest
65%
Zürich
64%
Zagreb
63%
Budapest
62%
Frankfurt
61%
Mailand
61%
Düsseldorf
60%
Riga
60%
Vatikanstadt
60%
Marseille
59%
Stuttgart
59%
Lyon
58%
Reykjavik
58%
San Marino
58%
Tallinn
58%
Neapel
56%
Porto
55%
Luxemburg
54%
Sofia
54%
Belgrad
53%
Minsk
53%
Vaduz
52%
Rotterdam
51%
Dresden
50%
Ljubljana
50%
Vilnius
50%
Bratislava
48%
Sarajevo
48%
Sevilla
48%
Tirana
48%
Birmingham
47%
Nürnberg
47%
Genf
46%
Turin
46%
Leipzig
45%
Andorra la Vella
43%
Basel
42%
Krakau
42%
Valletta
42%
Antwerpen
40%
Skopje
40%
Göteborg
39%
Chisinau
37%
Bordeaux
36%
Florenz
36%
Pristina
36%
Bergen
34%
Malmö
34%
Podgorica
34%
Danzig
33%
Genua
32%
Kiel
32%
Split
31%
Den Haag
30%
Thessaloniki
28%
Gent
27%
Brügge
26%
Eindhoven
26%
Sankt Petersburg
26%
Nantes
25%
Leeds
24%
Linz
24%
Toulouse
24%
Bologna
23%
Pilsen
23%
Luzern
21%
Trondheim
20%
Aarhus
19%
Breslau
19%
Lüttich
19%
Brünn
18%
Cork
17%
Montpellier
16%
Dubrovnik
15%
Lwiw
14%
Turku
14%
Kasan
13%
Maribor
13%
Nis
13%
Charkiw
12%
Odense
12%
Kaunas
11%
Oulu
11%
Aalborg
10%
Novi Sad
10%
Tampere
10%
Kosice
9%
Limerick
9%
Nottingham
9%
Plowdiw
9%
Nischni Nowgorod
8%
Katowice
7%
Warna
7%
Klaipeda
6%
Banja Luka
5%
Galway
5%
Rovaniemi
5%
Cluj-Napoca
4%
Mons
4%
Ostrava
4%
Tartu
4%
Brasov
3%
Burgas
3%
Namur
3%
Larisa
2%
Nowosibirsk
2%
Gomel
1%
Iraklion
1%
Vlora
1%
Balti
0%
Bitola
0%
Selfoss
0%
Tuzla
0%
Keine übereinstimmenden Quizze gefunden
Verteilung der Resultate
Anzahl Personen mit jedem Resultat
Perzentil nach korrekt beantworteten Fragen
Ihre Resultats-Entwicklung
Sie haben dieses Quiz noch nicht gespielt